Модернизация программного обеспечения прибора - идентфикатора на базе вещественного интерполяционного метода; Молодежь и современные информационные технологии

Detalhes bibliográficos
Parent link:Молодежь и современные информационные технологии.— 2013.— [С. 253-255]
Autor principal: Медведев К. О.
Outros Autores: Рудницкий В. А. Владислав Александрович
Resumo:Заглавие с титульного экрана
Idioma:russo
Publicado em: 2013
Colecção:Автоматизация и управление в технических системах
Assuntos:
Acesso em linha:http://earchive.tpu.ru/handle/11683/70229
http://www.lib.tpu.ru/fulltext/c/2013/C04/115.pdf
Formato: MixedMaterials Recurso Electrónico Capítulo de Livro
KOHA link:https://koha.lib.tpu.ru/cgi-bin/koha/opac-detail.pl?biblionumber=603792

MARC

LEADER 00000naa2a2200000 4500
001 603792
005 20260204140558.0
035 |a (RuTPU)RU\TPU\conf\991 
035 |a RU\TPU\conf\990 
090 |a 603792 
100 |a 20140205d2013 k y0rusy50 ca 
101 0 |a rus 
102 |a RU 
135 |a drnn ---uucaa 
181 0 |a i  
182 0 |a b 
200 1 |a Модернизация программного обеспечения прибора - идентфикатора на базе вещественного интерполяционного метода  |f К. О. Медведев, В. А. Рудницкий 
203 |a Текст  |c электронный 
225 1 |a Автоматизация и управление в технических системах 
300 |a Заглавие с титульного экрана 
320 |a [Библиогр.: с. 255 (5 назв.)] 
337 |a Adobe Reader 
463 1 |0 (RuTPU)RU\TPU\conf\515  |t Молодежь и современные информационные технологии  |o сборник трудов XI Международной научно-практической конференции студентов, аспирантов и молодых ученых, г. Томск, 13-16 ноября 2013 г.  |f Национальный исследовательский Томский политехнический университет (ТПУ) ; под ред. Е. А. Сикоры и др.  |v [С. 253-255]  |d 2013 
610 1 |a труды учёных ТПУ 
610 1 |a электронный ресурс 
610 1 |a программное обеспечение 
610 1 |a идентификаторы 
610 1 |a интерполяционные методы 
700 1 |a Медведев  |b К. О. 
701 1 |a Рудницкий  |b В. А.  |c специалист в области автоматического управления  |c доцент Томского политехнического университета, кандидат технических наук  |f 1968-  |g Владислав Александрович  |3 (RuTPU)RU\TPU\pers\26784 
801 2 |a RU  |b 63413507  |c 20220328  |g RCR 
856 4 |u http://earchive.tpu.ru/handle/11683/70229 
856 4 |u http://www.lib.tpu.ru/fulltext/c/2013/C04/115.pdf 
942 |c CF